Aplikovaná sociální psychologie II

Salvato in:
Dettagli Bibliografici
Altri autori: Výrost, Jozef, Slaměník, Ivan
Natura: Libro
Lingua:ceco
Pubblicazione: Praha GRADA 2001
Serie:Psyché
Soggetti:
Tags: Aggiungi Tag
Nessun Tag, puoi essere il primo ad aggiungerne!!

MARC

LEADER 00000nam a2200000 4500
001 c124328
005 20230227110143.9
020 |a 80-247-0042-5 
041 0 |a cze 
044 |a CZ 
245 1 0 |a Aplikovaná sociální psychologie II  |c Jozef Výrost, Ivan Slaměník (Eds.) 
264 1 |a Praha  |b GRADA  |c 2001 
300 |a 260 s. 
490 1 |a Psyché 
830 0 |a Psyché 
610 2 0 |a psychológia sociálna 
610 2 0 |a zdravie 
610 2 0 |a nezamestnanosť 
610 2 0 |a drogy 
610 2 0 |a agresia 
610 2 0 |a stresy 
610 2 0 |a správanie 
700 1 |a Výrost, Jozef 
700 1 |a Slaměník, Ivan